Production planning and inventory control
Guardat en:
| Autors principals: | , |
|---|---|
| Format: | Llibre |
| Idioma: | anglès |
| Publicat: |
Nueva York
McGraw-Hill
1967
|
| Edició: | 2a. ed |
| Matèries: | |
| Etiquetes: |
Afegir etiqueta
Sense etiquetes, Sigues el primer a etiquetar aquest registre!
|
MARC
| LEADER | 00000nam a2200000 a 4500 | ||
|---|---|---|---|
| 001 | UCU6983 | ||
| 003 | CL-VaPUC | ||
| 008 | 960628e19670000US |||||||||||||||||eng|d | ||
| 082 | 0 | 4 | |a 658.5 |b MAG |2 21 |
| 100 | |a Magee, John F. |e autor |9 416189 | ||
| 700 | 0 | |a Boodman, David M |e author |9 365419 | |
| 245 | 1 | 0 | |a Production planning and inventory control |
| 250 | |a 2a. ed | ||
| 300 | |a 397 p | ||
| 942 | |c BK | ||
| 945 | |d 19960628 00:00:00 |a cmena | ||
| 260 | |a Nueva York |b McGraw-Hill |c 1967 | ||
| 650 | 0 | |a Gestión |9 260993 | |
| 650 | 0 | |a Gestión de la producción |9 259467 | |
| 650 | 7 | |a CONTROL DE PRODUCCION |2 CL-VaPUC |9 271421 | |
| 650 | 0 | |a Ingeniería industrial |9 260973 | |
| 650 | 7 | |a DIAGRAMAS DE CONTROL |2 CL-VaPUC |9 365385 | |
| 650 | 0 | |a Investigación operativa |9 259383 | |
| 650 | 0 | |a Contabilidad |9 261430 | |
| 650 | 7 | |a INVENTARIO DE RECURSOS |2 CL-VaPUC |9 358962 | |
| 650 | 7 | |a GESTION DE RECURSOS |2 CL-VaPUC |9 358963 | |
| 583 | |a last modification |c 19960628 00:00:00 |k Rodrigo Vera | ||
| 999 | |c 249709 |d 249707 | ||
| 952 | |0 0 |1 0 |4 0 |6 658_500000000000000_MAG_1967 |7 0 |8 A |9 267178 |a BIBING |b BIBING |d 2019-11-19 |i 169636K |o 658.5 MAG 1967 |p 169636K |r 2025-01-20 |w 2019-11-19 |y BK |k EII | ||